Fajnová farma

Bibliographic Details
Other Authors: Ede, Lara (Illustrator), Madarásová, Jitka (Translator)
Format: Book
Language:Slovak
English
PhysicalDescription:32 strán farebné ilustrácie 28 cm 1 nečíslovaný list penových nálepiek + 10 nečíslovaných listov vytlačovacích kariet
Published: Bratislava Svojtka & Co. 2019
ISBN:9788056704301
Edition:Prvé slovenské vydanie
Subjects:

MARC

LEADER 00000nam a2200000 4500
001 vtls011921766
003 SK-MaSNL
005 20260331211125.0
008 200304s2019 xo a a 000 0 slo
015 |a SNBA2020/06 
020 |a 9788056704301  |q (brožované) 
040 |a SNK  |b slo  |c SNK  |e rda 
041 1 |a slo  |h eng 
044 |a xo  |c SK 
072 7 |a 631  |x Poľnohospodárstvo. Pedológia. Agrotechnika. Agroekológia  |2 konspekt 
072 7 |a 0/9-053.2  |x Literatúra pre deti a mládež (náučná)  |2 konspekt 
080 |a 631.115.1  |2 2011 
080 |a (076.1)  |2 2011 
080 |a (084.1.029.2)  |2 2011 
080 |a (0.053.2)  |2 2011 
080 |a (0.029)  |2 2011 
100 1 |a Ede, Lara  |4 ill  |9 370541 
240 1 0 |a Farmyard Fun - Over 100 puffy stickers  |l Slovensky 
245 1 0 |a Fajnová farma  |c ilustrovala Lara Ede ; z anglického vydania Farmyard Fun - Over 100 puffy stickers ... preklad Jitka Madarásová 
250 |a Prvé slovenské vydanie 
264 1 |a Bratislava  |b Svojtka & Co.  |c 2019 
300 |a 32 strán  |b farebné ilustrácie  |c 28 cm  |e 1 nečíslovaný list penových nálepiek + 10 nečíslovaných listov vytlačovacích kariet 
336 |a text  |b txt  |2 rdacontent 
336 |a statický obraz  |b sti  |2 rdacontent 
337 |a bez média  |b n  |2 rdamedia 
338 |a zväzok  |b nc  |2 rdacarrier 
500 |a Na obale pod názvom: Vyše 100 penových nálepiek 
500 |a Listy s vytlačovacími kartami vlepené na konci knihy, list s penovými nálepkami vložený do púzdra prilepeného k obálke s výrezom 
521 8 |a Pre deti od 3 rokov 
650 0 7 |a farmárstvo  |2 SNKPH  |9 81771 
650 0 7 |a Farming  |2 SNKPHeng  |9 302566 
655 7 |a samolepky  |2 SNKPH  |9 79151 
655 7 |a publikácie pre deti  |2 SNKPH  |9 70148 
655 7 |a pracovné zošity  |2 SNKPH  |9 70188 
655 7 |a Children's literature  |2 SNKPHeng  |9 276039 
655 7 |a Activity books  |2 SNKPHeng  |9 302885 
655 7 |a Stickers  |2 SNKPHeng  |9 303014 
655 7 |a skladačky  |2 SNKPH  |9 70683 
655 7 |a Puzzles  |2 SNKPHeng  |9 311345 
700 1 |a Madarásová, Jitka  |4 trl  |9 207448 
919 |a 978-80-567-0430-1 
958 |a DB 
958 |a OP 
968 |b ENG 
999 |c 950896  |d 952826 
952 |a SNK  |b SNK  |y PREZ  |7 0  |p 17A1417359  |o snkOSB 19881  |i snk2020/5600  |8 0  |3 Dokument obsahuje 1 samostatnú prílohu (1 list penových samolepiek)  |0 0  |1 0  |4 0  |d 2020-03-04  |l 0  |r 2026-02-24 09:47:45  |w 2026-02-24 
952 |a SNK  |b SNK  |y PREZ  |7 0  |p 17A1417360  |o snkOSB 19881/príl.  |i snk2020/5600  |8 0  |z Príl.: 1 list penových nálepiek  |0 0  |1 0  |4 0  |d 2020-03-04  |l 0  |r 2026-02-24 09:47:45  |w 2026-02-24 
952 |a SNK  |b SNK  |y PREZ  |7 0  |p 17A1417361  |o snkOSB 19881 D1  |i snk2020/5601  |8 0  |3 Dokument obsahuje 1 samostatnú prílohu (1 list penových nálepiek)  |0 0  |1 0  |4 0  |d 2020-03-04  |l 0  |r 2026-02-24 09:47:45  |w 2026-02-24 
952 |a SNK  |b SNK  |y PREZ  |7 0  |p 17A1417362  |o snkOSB 19881/príl. D1  |i snk2020/5601  |8 0  |z Príl.: 1 list penových nálepiek  |0 0  |1 0  |4 0  |d 2020-03-04  |l 0  |r 2026-02-24 09:47:45  |w 2026-02-24